[Event "40th Olympiad Women"]
[Site "Istanbul TUR"]
[Date "2012.09.06"]
[Round "9.45"]
[Board "1"]
[White "Onur, Cigdem"]
[Black "Tuominen, Tanja"]
[Result "0-1"]
[BlackTitle "WIM"]
[WhiteElo "1627"]
[BlackElo "2101"]
[WhiteTeam "Turkey 2023"]
[BlackTeam "Finland"]
[WhiteFideId "6346030"]
[BlackFideId "502340"]
[EventDate "2012.08.28"]

1. e4 c6 2. d4 d5 3. Nc3 dxe4 4. Nxe4 Bf5 5. Ng3 Bg6 6. h4 h6 7. Nf3 Nd7 8. h5
Bh7 9. Bd3 Bxd3 10. Qxd3 Qc7 11. Bd2 e6 12. O-O-O O-O-O 13. Kb1 Ngf6 14. Ne4 c5
15. Nxf6 Nxf6 16. Qc4 Rd5 17. Be3 Ng4 18. Qa4 c4 19. c3 Bd6 20. Rdf1 Ra5 21. Qc2
Qb6 22. Ka1 Nf6 23. Qb1 Nd5 24. Nd2 Qc6 25. g3 b5 26. Ne4 Be7 27. Bd2 f5 28. Nc5
Bxc5 29. dxc5 Qxc5 30. f4 Rd8 31. Bc1 b4 32. Re1 bxc3 33. Rxe6 Nb4 34. Be3 Qd5
35. Re5 Rxa2+ 36. Qxa2 Qxh1+ 37. Qb1 Rd1 38. Bc1 Rxc1 0-1

[Event "40th Olympiad Women"]
[Site "Istanbul TUR"]
[Date "2012.09.06"]
[Round "9.45"]
[Board "2"]
[White "Puuska, Heini"]
[Black "Hereklioglu, Sude"]
[Result "1-0"]
[WhiteTitle "WFM"]
[WhiteElo "1995"]
[BlackElo "1586"]
[WhiteTeam "Finland"]
[BlackTeam "Turkey 2023"]
[WhiteFideId "502324"]
[BlackFideId "6359531"]
[EventDate "2012.08.28"]

1. Nf3 c5 2. c4 Nf6 3. g3 g6 4. Bg2 Bg7 5. O-O O-O 6. Nc3 Nc6 7. e3 d6 8. h3 h5
9. d4 Nd7 10. a3 Na5 11. b3 a6 12. Rb1 Rb8 13. Qe2 Nc6 14. Rd1 Na7 15. b4 b6 16.
Ne4 Bb7 17. Neg5 Qc7 18. Bb2 Rfc8 19. bxc5 dxc5 20. d5 Bxb2 21. Rxb2 Rd8 22. Qc2
Nf8 23. Nh4 Bc8 24. f4 e6 25. e4 e5 26. Qd2 Qd6 27. Rf1 f6 28. Ngf3 b5 29. fxe5
fxe5 30. Qg5 Re8 31. Rbf2 Bd7 32. Nd2 b4 33. Rf6 Qe7 34. Nxg6 Qg7 35. Qxh5 Qh7
36. Qg5 Qg7 37. Rxa6 Nc8 38. h4 Ne7 39. Rxf8+ Rxf8 40. Nxe7+ Kf7 41. Qxg7+ Kxg7
42. Ra7 Rfd8 43. Nc6 b3 44. Nxb3 1-0

[Event "40th Olympiad Women"]
[Site "Istanbul TUR"]
[Date "2012.09.06"]
[Round "9.45"]
[Board "3"]
[White "Okuyaz, Duru"]
[Black "Walta, Paivi"]
[Result "1-0"]
[BlackTitle "WFM"]
[WhiteElo "1547"]
[BlackElo "1808"]
[WhiteTeam "Turkey 2023"]
[BlackTeam "Finland"]
[WhiteFideId "6346022"]
[BlackFideId "504513"]
[EventDate "2012.08.28"]

1. e4 c5 2. Nf3 g6 3. d4 Bg7 4. Be3 a6 5. c3 Nf6 6. Bd3 cxd4 7. Bxd4 d6 8. Nbd2
Nc6 9. O-O O-O 10. Qb3 Nxd4 11. cxd4 b5 12. Rfd1 Bb7 13. a4 Rb8 14. axb5 axb5
15. e5 Bd5 16. Qb4 dxe5 17. dxe5 Nd7 18. Be4 Nxe5 19. Nxe5 Bxe4 20. Nxe4 Qc7 21.
Nd7 Be5 22. Nxe5 Qxe5 23. Nc5 Qe2 24. Nd7 Rbd8 25. Re1 Qd3 26. Nxf8 Rxf8 27.
Rad1 1-0

[Event "40th Olympiad Women"]
[Site "Istanbul TUR"]
[Date "2012.09.06"]
[Round "9.47"]
[Board "1"]
[White "Vargas, Gabriela"]
[Black "Samaganova, Alexandra"]
[Result "0-1"]
[WhiteTitle "WFM"]
[WhiteElo "2050"]
[BlackElo "2057"]
[WhiteTeam "Paraguay"]
[BlackTeam "Kyrgyzstan"]
[WhiteFideId "3700860"]
[BlackFideId "13800221"]
[EventDate "2012.08.28"]

1. d4 Nf6 2. Nf3 e6 3. Bg5 b6 4. e3 Bb7 5. Bd3 Be7 6. Nbd2 c5 7. c3 d6 8. e4 Nc6
9. O-O Nd7 10. Nc4 f6 11. Bd2 b5 12. Ne3 c4 13. Bc2 e5 14. d5 Ncb8 15. Nf5 O-O
16. N3h4 Rf7 17. Qg4 Kh8 18. Qh5 Kg8 19. Bh6 Bf8 20. Bxg7 Rxg7 21. Nh6+ Kh8 22.
N4f5 Be7 23. Nxg7 Kxg7 24. Nf5+ Kh8 25. Qf7 Bf8 26. Rfe1 Na6 27. Qh5 Qe8 28. Qh4
Qf7 29. Bd1 Qg6 30. Re3 Qg5 31. Qh3 Nac5 32. Rg3 Qd2 0-1

[Event "40th Olympiad Women"]
[Site "Istanbul TUR"]
[Date "2012.09.06"]
[Round "9.47"]
[Board "2"]
[White "Omurbekova, Diana"]
[Black "Avalos, Leticia"]
[Result "1-0"]
[BlackTitle "WCM"]
[WhiteElo "1697"]
[BlackElo "1742"]
[WhiteTeam "Kyrgyzstan"]
[BlackTeam "Paraguay"]
[WhiteFideId "13800752"]
[BlackFideId "3702073"]
[EventDate "2012.08.28"]

1. e4 e6 2. d3 d5 3. Nd2 Nf6 4. Ngf3 Be7 5. g3 c5 6. Bg2 Nc6 7. O-O b5 8. e5 Nd7
9. Re1 Qb6 10. Nf1 f6 11. exf6 Nxf6 12. Bf4 O-O 13. Ng5 Nd4 14. c3 h6 15. cxd4
hxg5 16. dxc5 Bxc5 17. Be3 Bd7 18. d4 Bb4 19. Re2 Nh7 20. a3 Bd6 21. h3 Rf7 22.
Nh2 Raf8 23. Rc2 Qb8 24. Ng4 Rf5 25. Qd2 Qe8 26. Bf1 Qh5 27. Kg2 Kh8 28. Bd3
R5f7 29. Bxh7 Qxh7 30. Bxg5 Qe4+ 31. Kg1 Rf3 32. Re1 Qf5 33. Kg2 Bc8 34. Ne5
Bxe5 35. Rxe5 Qg6 36. Rxc8 Rxg3+ 37. Kxg3 Rxc8 38. Qe2 Rc6 39. Qxb5 Rb6 40. Qe2
Kg8 41. h4 Rc6 42. Qb5 Rb6 43. Qd7 Kh7 44. Qxa7 Rxb2 45. Qa6 Qb1 46. Bc1 Qg6+
47. Rg5 Rb3+ 48. Be3 Qf7 49. Kg4 Rc3 50. Rh5+ Kg6 51. Rg5+ Kh7 52. Qa8 g6 53. h5
Qd7 54. Rxg6 Rc8 55. Qa6 Rc6 56. Qd3 e5+ 57. Qf5 Qxf5+ 58. Kxf5 Rc8 59. Kxe5 Ra8
60. Kxd5 Rxa3 61. Rc6 1-0

[Event "40th Olympiad Women"]
[Site "Istanbul TUR"]
[Date "2012.09.06"]
[Round "9.47"]
[Board "3"]
[White "Rojas, Montserrat"]
[Black "Tilenbaev, Baktygul"]
[Result "1-0"]
[WhiteElo "1605"]
[BlackElo "1940"]
[WhiteTeam "Paraguay"]
[BlackTeam "Kyrgyzstan"]
[WhiteFideId "3701670"]
[BlackFideId "13800639"]
[EventDate "2012.08.28"]

1. c4 e5 2. Nc3 Nf6 3. g3 Nc6 4. Bg2 Be7 5. b3 d6 6. Bb2 Bf5 7. e4 Bg4 8. f3 Bd7
9. Nge2 Qc8 10. h4 Nh5 11. Nd5 a5 12. a4 Nb4 13. d4 Nxd5 14. exd5 e4 15. fxe4
Bg4 16. Kf2 f5 17. Qd3 O-O 18. Ke1 Bxe2 19. Kxe2 f4 20. Bh3 Qd8 21. Be6+ Kh8 22.
Kd2 Nxg3 23. Rh3 Bxh4 24. Qf3 Qg5 25. Kd3 Qh6 26. Rg1 g5 27. Bg4 Qg6 28. Be6 h5
29. Rgxg3 fxg3 30. Bf5 Qf7 31. Qh1 Rae8 32. Bc1 Qf6 33. Bxg5 Bxg5 34. Rxh5+ Kg8
35. Rxg5+ Qg7 36. Qh7+ 1-0

[Event "40th Olympiad Women"]
[Site "Istanbul TUR"]
[Date "2012.09.06"]
[Round "9.47"]
[Board "4"]
[White "Alymbay, Kyzy Aizhan"]
[Black "Perez, Dalila"]
[Result "0-1"]
[WhiteElo "1810"]
[BlackElo "1760"]
[WhiteTeam "Kyrgyzstan"]
[BlackTeam "Paraguay"]
[WhiteFideId "13800043"]
[BlackFideId "3702014"]
[EventDate "2012.08.28"]

1. e4 e6 2. d4 d5 3. e5 c5 4. c3 Nc6 5. Nf3 Bd7 6. Be2 Nge7 7. Na3 a6 8. O-O
cxd4 9. cxd4 Nf5 10. Nc2 Qb6 11. a3 Na5 12. b4 Nb3 13. Rb1 Ba4 14. Na1 Nc5 15.
Qe1 Nd7 16. Qc3 Bb5 17. Re1 Be7 18. Nb3 Bxe2 19. Rxe2 O-O 20. g4 Rfc8 21. Qd3
Nh4 22. Re3 Ng6 23. Re1 Qb5 24. Qxb5 axb5 25. Nc5 Nb6 26. Nxb7 Rc3 27. Re3 Rxe3
28. fxe3 Nc4 29. Rb3 f6 30. exf6 Bxf6 31. Nc5 e5 32. dxe5 Bxe5 33. Nxe5 Ngxe5
34. h3 Rf8 35. Nd3 Nf3+ 36. Kg2 Nh4+ 37. Kg3 g5 38. Nb2 Rf3+ 39. Kh2 Ne5 40. Nd3
Nc4 41. Nb2 Rf2+ 42. Kg1 Rg2+ 43. Kh1 Ne5 44. e4 Rc2 45. Bxg5 Nef3 46. Bf4 Rf2
47. Rxf3 Rxf3 48. Bg5 Rxh3+ 49. Kg1 Nf3+ 0-1

[Event "40th Olympiad Women"]
[Site "Istanbul TUR"]
[Date "2012.09.06"]
[Round "9.48"]
[Board "1"]
[White "Antonova, Nadezhda"]
[Black "Lopang, Tshepiso"]
[Result "1-0"]
[WhiteTitle "WFM"]
[BlackTitle "WFM"]
[WhiteElo "1909"]
[BlackElo "1838"]
[WhiteTeam "Tajikistan"]
[BlackTeam "Botswana"]
[WhiteFideId "14700182"]
[BlackFideId "11300515"]
[EventDate "2012.08.28"]

1. d4 d5 2. Nf3 e6 3. e3 Nf6 4. Bd3 Be7 5. O-O Nbd7 6. b3 O-O 7. Bb2 c6 8. Nbd2
Re8 9. Ne5 Nf8 10. f4 Qc7 11. g4 N6d7 12. f5 Nxe5 13. dxe5 exf5 14. gxf5 Bg5 15.
Qf3 Qb6 16. Rae1 Qc7 17. Qh5 h6 18. h4 Bd8 19. Rf2 Rxe5 20. Nf3 Re8 21. Rg2 g6
22. Qxh6 f6 23. fxg6 Qg7 24. Qxg7+ Kxg7 25. h5 Bb6 26. h6+ Kxh6 27. g7 Be6 28.
Bxf6 Bc7 29. Kf2 1-0

[Event "40th Olympiad Women"]
[Site "Istanbul TUR"]
[Date "2012.09.06"]
[Round "9.48"]
[Board "4"]
[White "Leso, Gorata"]
[Black "Antonova, Lidiya"]
[Result "0-1"]
[WhiteElo "1631"]
[BlackElo "1762"]
[WhiteTeam "Botswana"]
[BlackTeam "Tajikistan"]
[WhiteFideId "11300442"]
[BlackFideId "14700492"]
[EventDate "2012.08.28"]

1. d4 Nf6 2. c4 e6 3. Nc3 Bb4 4. Qc2 b6 5. Bg5 Bb7 6. a3 Be7 7. h3 h6 8. Bh4 d5
9. cxd5 Nxd5 10. Bxe7 Nxe7 11. e3 O-O 12. Rd1 Nd7 13. e4 Ng6 14. Nf3 Qe7 15. Be2
Nf4 16. g3 Nxe2 17. Qxe2 f5 18. e5 f4 19. g4 a6 20. h4 Rae8 21. Qd3 c5 22. Rh3
cxd4 23. Qxd4 Rd8 24. Qd6 Qf7 25. Nd4 Rfe8 26. Qc7 Nc5 27. Qxb6 Rc8 28. Nb3 Nxb3
29. Qxb3 Qc7 30. Rd6 Bd5 31. Qd1 Qc4 32. Qd3 Bg2 33. Qxc4 Rxc4 34. Rhd3 Rc5 35.
Rd8 Rxe5+ 36. Kd2 Rxd8 37. Rxd8+ Kf7 38. Rd4 f3 39. Re4 Rc5 40. Ke3 e5 41. Ra4
Rc6 42. Ke4 Ke6 43. Ra5 Rc4+ 44. Ke3 Rxg4 45. Rxa6+ Kf5 46. Ra4 Rg6 47. Nd5 Rd6
48. Nc3 Rc6 49. Rb4 Rd6 50. a4 Bf1 51. Kxf3 Rd3# 0-1

[Event "40th Olympiad Women"]
[Site "Istanbul TUR"]
[Date "2012.09.06"]
[Round "9.50"]
[Board "1"]
[White "Soondarsingh, Aditi"]
[Black "Al-Rufaye, Iman Hasan Mohammed"]
[Result "1-0"]
[BlackTitle "WIM"]
[WhiteElo "1772"]
[BlackElo "2171"]
[WhiteTeam "Trinidad & Tobago"]
[BlackTeam "Iraq"]
[WhiteFideId "7700598"]
[BlackFideId "4801067"]
[EventDate "2012.08.28"]

1. e4 e5 2. d4 exd4 3. c3 dxc3 4. Nf3 Nc6 5. Bc4 d6 6. O-O Be7 7. Qb3 Na5 8.
Bxf7+ Kf8 9. Qxc3 Kxf7 10. Qxa5 c6 11. Qc3 h6 12. Qb3+ Ke8 13. Nc3 Qb6 14. Qc2
Nf6 15. e5 Rf8 16. exf6 Rxf6 17. Be3 Qa5 18. Bd4 Bf5 19. Qb3 Rg6 20. Qg8+ Kd7
21. Qxa8 Qb4 22. Rfe1 Bg4 23. a3 Bxf3 24. axb4 Rxg2+ 25. Kf1 c5 26. Qxb7+ Bxb7
27. Rxa7 1-0

[Event "40th Olympiad Women"]
[Site "Istanbul TUR"]
[Date "2012.09.06"]
[Round "9.50"]
[Board "2"]
[White "Jalaluldeen, Kareen Kamal J."]
[Black "Smith, Javanna"]
[Result "1-0"]
[WhiteTitle "WFM"]
[BlackTitle "WCM"]
[WhiteElo "1779"]
[BlackElo "1689"]
[WhiteTeam "Iraq"]
[BlackTeam "Trinidad & Tobago"]
[WhiteFideId "4801776"]
[BlackFideId "7700466"]
[EventDate "2012.08.28"]

1. d4 Nf6 2. c4 d6 3. Nc3 Nbd7 4. e4 e5 5. d5 Nc5 6. Bd3 a5 7. h3 Be7 8. Nf3 O-O
9. O-O Bd7 10. Be3 c6 11. Bxc5 dxc5 12. Nxe5 Bd6 13. Nf3 Qc7 14. Re1 Rfe8 15.
Qc2 Be5 16. Nxe5 Qxe5 17. Qd2 Nh5 18. Ne2 b5 19. f4 Qf6 20. e5 Qh4 21. Qe3 cxd5
22. cxd5 c4 23. Bc2 b4 24. Qf2 Qxf2+ 25. Kxf2 g6 26. g4 Ng7 27. Ng3 a4 28. Ne4
Kh8 29. Nd6 Rf8 30. Nxc4 Rab8 31. Nd6 Rb6 32. Rac1 Ne8 33. Nxe8 Rxe8 34. b3 a3
35. Bd3 Bb5 36. Bxb5 Rxb5 37. d6 Rd5 38. Red1 Rxd1 39. Rxd1 Kg7 40. Rd4 1-0

[Event "40th Olympiad Women"]
[Site "Istanbul TUR"]
[Date "2012.09.06"]
[Round "9.50"]
[Board "3"]
[White "Johnson, Gabriella"]
[Black "Al-Fayyadh, Zainab Asif Abdulah"]
[Result "1/2-1/2"]
[WhiteElo "1550"]
[BlackElo "1635"]
[WhiteTeam "Trinidad & Tobago"]
[BlackTeam "Iraq"]
[WhiteFideId "7701128"]
[BlackFideId "4806476"]
[EventDate "2012.08.28"]

1. e4 e5 2. Nf3 Nc6 3. Bc4 Bc5 4. b4 Bxb4 5. c3 Ba5 6. Qb3 Qe7 7. O-O Nf6 8. Ba3
d6 9. d4 O-O 10. Bd5 exd4 11. Bxc6 bxc6 12. e5 Nd5 13. Qa4 Bxc3 14. Nxc3 Nxc3
15. Qxc6 Ne2+ 16. Kh1 Bg4 17. exd6 Qd7 18. Qxc7 Rfc8 19. Qxd7 Bxd7 20. Rad1 Rc2
21. Rd2 Rac8 22. Re1 R8c3 23. Rdxe2 Rxe2 24. Rxe2 Rxa3 25. Nxd4 Rd3 26. Nf3 Rxd6
27. Re7 Rd1+ 28. Ng1 Rd2 29. Re2 Rxe2 30. Nxe2 Be6 31. Nc3 1/2-1/2

[Event "40th Olympiad Women"]
[Site "Istanbul TUR"]
[Date "2012.09.06"]
[Round "9.52"]
[Board "4"]
[White "Al-Khelaifi, Kholoud"]
[Black "Awad, Omaima"]
[Result "1/2-1/2"]
[BlackTitle "WCM"]
[WhiteElo "1498"]
[BlackElo "1675"]
[WhiteTeam "Qatar"]
[BlackTeam "Yemen"]
[WhiteFideId "12100145"]
[BlackFideId "9400117"]
[EventDate "2012.08.28"]

1. d4 d5 2. e3 Nf6 3. Bd3 e6 4. f4 c5 5. c3 b6 6. Nf3 Bd6 7. O-O O-O 8. Nbd2 Bb7
9. Ne5 Ne4 10. Qc2 f5 11. Ndf3 Bxe5 12. Nxe5 Nd7 13. b3 Nxe5 14. fxe5 cxd4 15.
exd4 Rc8 16. Bxe4 fxe4 17. Ba3 Rxf1+ 18. Rxf1 Ba6 19. Rf8+ Qxf8 20. Bxf8 Bd3 21.
Qd2 Rxf8 22. h3 h6 23. Qe1 Rf1+ 24. Qxf1 Bxf1 25. Kxf1 Kf7 26. c4 Ke7 27. Ke2
Kd7 28. cxd5 exd5 29. g4 g5 30. a4 a5 1/2-1/2

[Event "40th Olympiad Women"]
[Site "Istanbul TUR"]
[Date "2012.09.06"]
[Round "9.54"]
[Board "2"]
[White "Nakagawa, Emiko"]
[Black "Siddiqui, Nida Mishraz"]
[Result "0-1"]
[WhiteTitle "WCM"]
[WhiteElo "1798"]
[BlackElo "1670"]
[WhiteTeam "Japan"]
[BlackTeam "Pakistan"]
[WhiteFideId "7000480"]
[BlackFideId "7800495"]
[EventDate "2012.08.28"]

1. d4 Nf6 2. c4 e5 3. dxe5 Ng4 4. e4 Nxe5 5. Nf3 Nbc6 6. Nxe5 Nxe5 7. Be2 Be7 8.
O-O O-O 9. Nc3 c6 10. Be3 d6 11. f4 Ng6 12. Qd2 Qc7 13. Rac1 f5 14. b3 fxe4 15.
Nxe4 Bf5 16. Nc3 Qd7 17. Bd3 Nh4 18. Rce1 Bf6 19. Qc2 Bxd3 20. Qxd3 Qg4 21. Qe2
Qg6 22. Nd1 Rae8 23. Qd2 a6 24. g3 Qg4 25. Qf2 Nf5 26. Bd2 Bd4 27. Ne3 Qg6 28.
Kg2 Nxe3+ 29. Bxe3 Qe4+ 30. Qf3 Bxe3 31. Re2 Qxf3+ 32. Kxf3 Bc5 33. Rfe1 Rxe2
34. Rxe2 Kf7 35. h3 Re8 36. Re4 Rxe4 37. Kxe4 Ke6 38. g4 d5+ 39. cxd5+ cxd5+ 40.
Kd3 g6 41. Kd2 h5 42. Kd3 hxg4 43. hxg4 Bf2 44. Ke2 Bg3 45. Kf3 Bh2 46. Ke3 d4+
47. Kxd4 Bxf4 48. Ke4 g5 49. Kd4 Kd6 50. Kc4 Ke5 51. Kd3 Bc1 0-1

[Event "40th Olympiad Women"]
[Site "Istanbul TUR"]
[Date "2012.09.06"]
[Round "9.55"]
[Board "2"]
[White "Kim, Taegyeong"]
[Black "Amoko, Ivy Claire"]
[Result "0-1"]
[WhiteTitle "WCM"]
[WhiteElo "1536"]
[BlackElo "1705"]
[WhiteTeam "South Korea"]
[BlackTeam "Uganda"]
[WhiteFideId "13200976"]
[BlackFideId "10000291"]
[EventDate "2012.08.28"]

1. d4 d5 2. c4 e6 3. Nc3 Nf6 4. cxd5 exd5 5. Bg5 Be7 6. e3 O-O 7. Bd3 h6 8. Bh4
c6 9. Qc2 Na6 10. a3 Nc7 11. Nf3 Nh5 12. Bxe7 Qxe7 13. b4 Nf4 14. O-O Nxd3 15.
Qxd3 a6 16. Na4 Bg4 17. Ne5 Be6 18. Nc5 Nb5 19. f4 Bc8 20. f5 Qg5 21. Rf4 Re8
22. Raf1 Qf6 23. R1f3 a5 24. h4 axb4 25. axb4 Ra3 26. Qc2 Ra1+ 27. Kh2 Ra3 28.
Qf2 Nd6 29. Ng4 Qd8 30. f6 h5 31. Ne5 g6 32. Nxg6 Bg4 33. Ne7+ Rxe7 34. fxe7
Qxe7 35. Qg3 Kf8 36. Rf1 b6 37. Re1 bxc5 38. bxc5 Ne4 39. Rxe4 Qxe4 40. Qd6+ Qe7
41. Qxe7+ Kxe7 42. e4 dxe4 43. Rxe4+ Kd7 44. Re5 Rd3 45. Re4 f5 46. Rf4 Ke6 47.
Kg1 Kd5 48. Kf2 Rxd4 49. Ke3 Rxf4 50. Kxf4 Kxc5 0-1

[Event "40th Olympiad Women"]
[Site "Istanbul TUR"]
[Date "2012.09.06"]
[Round "9.56"]
[Board "1"]
[White "Howard, Corinne"]
[Black "Lyons, Kieran"]
[Result "0-1"]
[BlackTitle "WFM"]
[WhiteElo "1720"]
[BlackElo "1825"]
[WhiteTeam "Barbados"]
[BlackTeam "Fiji"]
[WhiteFideId "11100362"]
[BlackFideId "11400102"]
[EventDate "2012.08.28"]

1. e4 c5 2. Nf3 Nc6 3. Bb5 e6 4. Bxc6 bxc6 5. O-O d5 6. e5 Ne7 7. d3 Ng6 8. Bg5
Be7 9. Bxe7 Qxe7 10. Nc3 O-O 11. Re1 Rb8 12. b3 Ba6 13. Qd2 f6 14. exf6 Qxf6 15.
Na4 Nf4 16. Qe3 Qg6 17. g3 Qg4 18. Kh1 Nh3 19. Qxe6+ Qxe6 20. Rxe6 Rxf3 21. Kg2
Rxf2+ 22. Kxh3 Bc8 23. Nxc5 Re2 24. c3 Bxe6+ 25. Nxe6 Rxe6 26. c4 dxc4 27. dxc4
Rd8 28. a4 Rd2 29. Kg4 Rxh2 30. Kf5 Re3 31. Rd1 Rf2+ 32. Kg4 h5+ 33. Kh3 g5 34.
Rd8+ Kg7 35. Rd7+ Rf7 36. Rd2 Rxb3 37. Kg2 Rb4 38. c5 Rxa4 39. Rd6 Rf6 40. Rd7+
Kg6 41. Rd2 a5 42. Rc2 Ra1 43. Kh2 a4 44. g4 a3 45. gxh5+ Kxh5 46. Kg3 a2 47.
Rh2+ Kg6 48. Rg2 Rf3+ 49. Kg4 Ra3 50. Rxa2 Rg1+ 51. Rg2 Rxg2# 0-1

[Event "40th Olympiad Women"]
[Site "Istanbul TUR"]
[Date "2012.09.06"]
[Round "9.61"]
[Board "1"]
[White "Boric, Elena"]
[Black "Pustovoitova, Daria"]
[Result "1/2-1/2"]
[WhiteTitle "WIM"]
[BlackTitle "FM"]
[WhiteElo "2319"]
[BlackElo "2294"]
[WhiteTeam "Bosnia & Herzegovina"]
[BlackTeam "IBCA"]
[WhiteFideId "14400839"]
[BlackFideId "4182146"]
[EventDate "2012.08.28"]

1. e4 e6 2. d4 d5 3. Nd2 Nf6 4. Bd3 c5 5. e5 Nfd7 6. c3 Nc6 7. Ne2 cxd4 8. cxd4
Qb6 9. Nf3 f6 10. exf6 Nxf6 11. O-O Bd6 12. Nc3 O-O 13. Re1 a6 14. a3 Bd7 15. b4
Ng4 16. Be3 h6 17. h3 Nxe3 18. Rxe3 Rac8 19. Ne2 Rf6 20. Bc2 Be8 21. Ba4 Bh5 22.
Bxc6 Qxc6 23. Ne5 Bxe5 24. Rxe5 Bxe2 25. Qxe2 Qc3 26. Rd1 Rc6 27. Re3 Qc2 28.
Qxc2 Rxc2 29. f3 Kf7 30. Red3 Ke7 31. R1d2 Rc1+ 32. Kf2 Rf8 33. Rd1 Rfc8 34. Ke3
Rxd1 35. Rxd1 Rc2 36. Rd2 Rc1 37. f4 Kd7 38. Rd3 Ke7 39. Kf3 h5 40. g4 hxg4+ 41.
hxg4 Rf1+ 42. Kg3 Re1 43. Rc3 Kd7 1/2-1/2

[Event "40th Olympiad Women"]
[Site "Istanbul TUR"]
[Date "2012.09.06"]
[Round "9.61"]
[Board "2"]
[White "Stolarczyk, Anna"]
[Black "Dengler, Dijana"]
[Result "1-0"]
[WhiteTitle "WCM"]
[BlackTitle "WFM"]
[WhiteElo "1994"]
[BlackElo "2066"]
[WhiteTeam "IBCA"]
[BlackTeam "Bosnia & Herzegovina"]
[WhiteFideId "1126423"]
[BlackFideId "14400081"]
[EventDate "2012.08.28"]

1. d4 d5 2. c4 c6 3. Nf3 Nf6 4. cxd5 cxd5 5. Nc3 Nc6 6. Bf4 a6 7. e3 e6 8. a3
Be7 9. Bd3 O-O 10. O-O h6 11. h3 b5 12. b4 Bb7 13. Rc1 Rc8 14. Bb1 Nb8 15. Ne5
Nbd7 16. Nd3 Re8 17. Nc5 Bxc5 18. dxc5 e5 19. Bg3 Bc6 20. Ba2 Nf8 21. Qb3 Qe7
22. Rcd1 Rcd8 23. Ne2 Qb7 24. f3 Ng6 25. Rd2 Rd7 26. Rfd1 Red8 27. Qb2 Re8 28.
Bb1 Rde7 29. Nc3 d4 30. exd4 exd4 31. Rxd4 Nh5 32. Qf2 Nxg3 33. Qxg3 Ne5 34. Nd5
Bxd5 35. Rxd5 Nc4 36. Be4 Qc8 37. R1d3 Ne5 38. R3d4 Nc6 39. Rd1 Ne5 40. Rd6 Nc4
41. Rc6 Qa8 42. Rxh6 Rxe4 43. fxe4 Qxe4 44. Rh4 Qc2 45. Qd3 Qb2 46. Qh7+ Kf8 47.
Rxc4 bxc4 48. Qh8+ Ke7 49. Re1+ Kf6 50. Qxe8 1-0

[Event "40th Olympiad Women"]
[Site "Istanbul TUR"]
[Date "2012.09.06"]
[Round "9.61"]
[Board "3"]
[White "Dedijer, Sanja"]
[Black "Debowska, Teresa"]
[Result "1/2-1/2"]
[BlackTitle "FM"]
[WhiteElo "2036"]
[BlackElo "1837"]
[WhiteTeam "Bosnia & Herzegovina"]
[BlackTeam "IBCA"]
[WhiteFideId "14401878"]
[BlackFideId "1120816"]
[EventDate "2012.08.28"]

1. d4 Nf6 2. c4 g6 3. Nc3 Bg7 4. e4 d6 5. Nf3 O-O 6. Be2 c5 7. d5 e5 8. Bg5 h6
9. Bh4 Qc7 10. Nd2 Nh7 11. f3 Bf6 12. Bf2 Qe7 13. h4 h5 14. a3 Na6 15. Qb1 Rb8
16. b4 b6 17. Ra2 Bd7 18. Rb2 Rfc8 19. b5 Nc7 20. a4 Bg7 21. a5 Ra8 22. Nb3 f5
23. Bd3 Rf8 24. Ke2 f4 25. Qg1 Be8 26. Na4 Rb8 27. axb6 axb6 28. Qh2 Bh6 29. Ra1
Rb7 30. Rba2 Bd7 31. Nc3 Rfb8 32. Ra7 Qd8 33. Qh1 Qc8 34. R1a2 Rxa7 35. Rxa7 Ra8
36. Qa1 Qb8 37. Rxa8 Qxa8 38. Qxa8+ Nxa8 39. Na4 g5 40. hxg5 Bxg5 41. Nd2 h4 42.
Ke1 Kg7 43. Bf1 Nf6 44. Nb1 Nh5 45. Nbc3 Ng3 46. Ne2 Nxf1 47. Kxf1 Kg6 48. Ng1
Kh5 49. Ke2 Bd8 1/2-1/2

[Event "40th Olympiad Women"]
[Site "Istanbul TUR"]
[Date "2012.09.06"]
[Round "9.61"]
[Board "4"]
[White "Karsokaite, Irena"]
[Black "Dedijer, Mira"]
[Result "0-1"]
[WhiteElo "1632"]
[BlackElo "1981"]
[WhiteTeam "IBCA"]
[BlackTeam "Bosnia & Herzegovina"]
[WhiteFideId "12805220"]
[BlackFideId "14401622"]
[EventDate "2012.08.28"]

1. e4 e5 2. Nf3 Nc6 3. Bb5 a6 4. Ba4 Nf6 5. O-O Be7 6. Re1 b5 7. Bb3 d6 8. c3
O-O 9. h3 Nb8 10. d4 Nbd7 11. Nbd2 c5 12. d5 c4 13. Bc2 Nc5 14. Nf1 Re8 15. Ng3
g6 16. Be3 Qc7 17. Qe2 Nfd7 18. Ng5 f6 19. Nf3 Nb6 20. Nh2 Nba4 21. Rab1 Bf8 22.
Rf1 Nb6 23. f4 exf4 24. Rxf4 Bh6 25. Rxf6 Bxe3+ 26. Qxe3 Nxd5 27. Rxg6+ hxg6 28.
Qg5 Ne7 29. Rf1 Ne6 30. Qh6 Qc5+ 31. Kh1 Qg5 32. Ng4 Qxh6 33. Nxh6+ Kg7 34. Ng4
Bb7 35. e5 dxe5 36. Nxe5 Rf8 37. Re1 Rf2 38. Re2 Raf8 39. Bd1 Bxg2+ 40. Kg1 Rxe2
41. Bxe2 Bxh3 0-1

[Event "40th Olympiad Women"]
[Site "Istanbul TUR"]
[Date "2012.09.06"]
[Round "9.62"]
[Board "1"]
[White "Gedvilaite, Monika"]
[Black "Melnik, Galina"]
[Result "1-0"]
[BlackTitle "WFM"]
[WhiteElo "1985"]
[BlackElo "1999"]
[WhiteTeam "Ireland"]
[BlackTeam "IPCA"]
[WhiteFideId "12809780"]
[BlackFideId "4121929"]
[EventDate "2012.08.28"]

1. e4 d5 2. exd5 Qxd5 3. Nc3 Qa5 4. d4 Nf6 5. Bc4 c6 6. Nf3 Bg4 7. h3 Bh5 8. g4
Bg6 9. Ne5 e6 10. f4 Be4 11. Rh2 Bd5 12. Bxd5 Nxd5 13. Bd2 Bb4 14. Nxd5 Bxd2+
15. Qxd2 Qxd2+ 16. Kxd2 exd5 17. Re1 O-O 18. Rhe2 Re8 19. Nc4 Rxe2+ 20. Rxe2 Nd7
21. Na5 Nf6 22. Re7 Ne4+ 23. Ke3 Kf8 24. Rxb7 c5 25. Nc6 Nd6 26. Rxa7 cxd4+ 27.
Kd3 Rc8 28. Nxd4 Ne4 29. Ke3 Rb8 30. Nc6 Rc8 31. Nb4 Nf6 32. g5 Ne8 33. c3 Nd6
34. Kd3 Rb8 35. Nxd5 Ke8 36. b4 Rc8 37. a4 1-0

[Event "40th Olympiad Women"]
[Site "Istanbul TUR"]
[Date "2012.09.06"]
[Round "9.62"]
[Board "2"]
[White "Zykina, Nadezhda"]
[Black "Lowry-O'Reilly, Hannah"]
[Result "1-0"]
[WhiteTitle "WFM"]
[BlackTitle "WFM"]
[WhiteElo "2078"]
[BlackElo "1818"]
[WhiteTeam "IPCA"]
[BlackTeam "Ireland"]
[WhiteFideId "24150789"]
[BlackFideId "2501597"]
[EventDate "2012.08.28"]

1. Nf3 e6 2. d3 d5 3. g3 c5 4. Bg2 Bd6 5. e4 Ne7 6. O-O Nbc6 7. c3 f6 8. Nh4 O-O
9. f4 d4 10. Na3 a6 11. Nc4 Bc7 12. a4 Rb8 13. f5 e5 14. Na3 Bd7 15. g4 g5 16.
fxg6 Nxg6 17. Qb3+ Kg7 18. Nf5+ Bxf5 19. gxf5 Nge7 20. Rf3 Ng8 21. Rh3 Na5 22.
Qd1 Rf7 23. b4 cxb4 24. cxb4 Nc6 25. Qb3 Qe7 26. Nc2 Kf8 27. b5 axb5 28. axb5
Na5 29. Rxa5 Bxa5 30. Ba3 Bc7 31. Bxe7+ Rxe7 32. Bf3 Rg7+ 33. Kf2 Ne7 34. Bh5
Ra8 35. Rg3 1-0